000 01002cam a2200277 4500500
005 20260405000226.0
041 _afre
042 _adc
100 1 0 _ade Montety, Catherine
_eauthor
700 1 0 _aMoreau, Anne-Sophie
_eauthor
245 0 0 _aBrown-out
260 _c2022.
500 _a85
520 _aTrès attaché à la pleine souveraineté militaire du pays, le général de Gaulle décide, en mars 1966, du retrait de la France du commandement intégré de l’OTAN. Une décision lourde de conséquences mais qui n’a pas mis en cause l’appartenance de la France à l’Alliance atlantique.
690 _aBonheur
690 _aBurn-out
690 _aCarrière
690 _aMotivation
690 _aPerformance
690 _aSens
690 _aStress
690 _aTravail
690 _aVie pro / vie perso
786 0 _nPhilonomist | - | 1 | 2022-11-15 | p. 4-6
856 4 1 _uhttps://shs.cairn.info/magazine-philonomist-2022-1-page-4?lang=fr&redirect-ssocas=7080
999 _c2034947
_d2034947